Towards Consistency and Transparency in Academic Integrity (Record no. 67132)

MARC details
000 -LEADER
fixed length control field 01664nam a2200253Ii 4500
008 - FIXED-LENGTH DATA ELEMENTS--GENERAL INFORMATION
fixed length control field 221202s xx 000 0 und d
245 #0 - TITLE STATEMENT
Title Towards Consistency and Transparency in Academic Integrity
264 #1 - PRODUCTION, PUBLICATION, DISTRIBUTION, MANUFACTURE, AND COPYRIGHT NOTICE
Place of production, publication, distribution, manufacture Bern
Name of producer, publisher, distributor, manufacturer Peter Lang International Academic Publishers
Date of production, publication, distribution, manufacture, or copyright notice 2018
300 ## - PHYSICAL DESCRIPTION
Extent 1 online resource (266 pages)
336 ## - CONTENT TYPE
Content type term text
Content type code txt
Source rdacontent
337 ## - MEDIA TYPE
Media type term computer
Media type code c
Source rdamedia
338 ## - CARRIER TYPE
Carrier type term online resource
Carrier type code cr
Source rdacarrier
520 ## - SUMMARY, ETC.
Summary, etc. This book is an outcome of the 4th International Conference «Plagiarism across Europe and Beyond» organized by Canakkale Onsekiz Mart University, Mendel University in Brno, and the European Network for Academic Integrity. The conference is co-funded by the Erasmus+ Strategic Partnerships Programme of the European Union. It aims to be a forum for sharing best practices and experiences by addressing issues of academic integrity from a wide-scope global perspective. With regards to the crucial role of ethics and honesty in academic work, universities are in need of more effective policies against infringements of academic standards. The papers in this book therefore aim to contribute to the standardization of consistent and transparent approaches to issues of academic integrity from several perspectives.
653 ## - INDEX TERM--UNCONTROLLED
Uncontrolled term Academic
653 ## - INDEX TERM--UNCONTROLLED
Uncontrolled term Consistency
653 ## - INDEX TERM--UNCONTROLLED
Uncontrolled term Contract Cheating
653 ## - INDEX TERM--UNCONTROLLED
Uncontrolled term Essay Mills
653 ## - INDEX TERM--UNCONTROLLED
Uncontrolled term Higher Education
700 1# - ADDED ENTRY--PERSONAL NAME
Personal name Foltýnek, Tomáš
700 1# - ADDED ENTRY--PERSONAL NAME
Personal name Glendinning, Irene
700 1# - ADDED ENTRY--PERSONAL NAME
Personal name Razi, Salim
856 ## - ELECTRONIC LOCATION AND ACCESS
Uniform Resource Identifier <a href="https://library.oapen.org/bitstream/20.500.12657/47391/1/9783631781586.pdfhttps://library.oapen.org/handle/20.500.12657/47391">https://library.oapen.org/bitstream/20.500.12657/47391/1/9783631781586.pdfhttps://library.oapen.org/handle/20.500.12657/47391</a>
942 ## - ADDED ENTRY ELEMENTS (KOHA)
Koha item type E-Book
Holdings
Withdrawn status Damaged status Not for loan Home library Current library Date acquired Total Checkouts Date last seen Price effective from Koha item type
      Directory of Open Access Books Directory of Open Access Books 11/28/2022   11/28/2022 11/28/2022 E-Book

University of Rizal System
Email us at univlibservices@urs.edu.ph

Visit our Website www.urs.edu.ph/library